| 000 | 00394nam a2200181Ia 4500 | ||
|---|---|---|---|
| 100 | _aMahajan/Sunita/ Shah/Seema | ||
| 650 | _aDistributed Computing | ||
| 250 | _a2 | ||
| 942 | _cBK | ||
| 366 | _f25 | ||
| 654 | _adistributed computing | ||
| 245 | _aDistributed Computing | ||
| 260 |
_bOUP _c2013 |
||
| 082 |
_a4.65 _bMAH |
||
| 300 | _a616 | ||
| 546 |
_aENGLISH _cComputers |
||
| 999 |
_c35455 _d35455 |
||